Salud de las mujeres de mediana edad: retos para los servicios de salud /
Este artículo trata los problemas de salud de las mujeres durante el climaterio y su experiencia con los servicios de salud en Costa Rica. A partir de los resultados de un estudio realizado con mujeres de estratos medios bajos, se evidencia que estas mujeres padecen las enfermedades comunes de la ed...
Spremljeno u:
| Glavni autor: | |
|---|---|
| Format: | Tekst |
| Teme: | |
| Oznake: |
Dodaj oznaku
Bez oznaka, Budi prvi tko označuje ovaj zapis!
|
MARC
| LEADER | 00000 a a2200000 04500 | ||
|---|---|---|---|
| 001 | 14463 | ||
| 003 | |||
| 040 | |||
| 100 | |a Achío Tacsan, Mayra | ||
| 245 | |a Salud de las mujeres de mediana edad: |b retos para los servicios de salud / |c Mayra Achío Tacsan | ||
| 500 | |a Resumen también en Inglés. Artículo basado en los resultados de la investigación "Atención de la salud de las mujeres de mediana edad: una modalidad alternativa", realizada en el Instituto de Investigaciones Sociales | ||
| 520 | |a Este artículo trata los problemas de salud de las mujeres durante el climaterio y su experiencia con los servicios de salud en Costa Rica. A partir de los resultados de un estudio realizado con mujeres de estratos medios bajos, se evidencia que estas mujeres padecen las enfermedades comunes de la edad como hipertensión, diabetes y osteoporosis. Además, ellas dan poca importancia a los síntomas sociales asociados con la menopausia, a saber, bochornos, sudoración, insominio y otros. Por último, se destaca la necesidad de desarrollar programas y políticas más específicos para este sector de la población | ||
| 650 | |a SALUD DE LA MUJER | ||
| 650 | |a ENVEJECIMIENTO | ||
| 650 | |a SERVICIOS DE SALUD | ||
| 650 | |a ACCESO A LA SALUD | ||
| 650 | |a CALIDAD DE LA VIDA | ||
| 650 | |2 Macrothesaurus de la OCDE | ||
| 650 | |a GRUPOS DE BAJOS INGRESOS | ||
| 650 | |a GRUPOS VULNERABLES | ||
| 650 | |a ADMINISTRACION DE LA SALUD | ||
| 773 | |g número 101 -102 (III -IV; páginas 95-106) | ||
| 999 | |c 39872 |d 39872 | ||
| 773 | 0 | |0 18728 |9 3036 |a Universidad de Costa Rica |d San José, Costa Rica Editorial UCR 1956- |o 17129 |t Revista de Ciencias Sociales/ |x 04825276 | |
